Harry Potter de A à Z #2 - Statistiques

Statistiques générales
  • Ce quiz a été pris 66 fois
  • Le résultat moyen est 15 sur 26
Statistiques - réponses
Indice Réponse % Correct
C En feu dans Harry Potter 4 Coupe
96%
D Cousin de Harry Dudley
94%
J Quel est le prénom du père de Harry Potter ? James
91%
I Prénom ancien Mangemort, directeur de Durmstrang Igor
85%
L Patronus d'Hermione Loutre
85%
E Sortilège impardonnable Endoloris
80%
H Prénom fondatrice Poufsouffle Helga
80%
S Bois de la baguette la plus puissante Sureau
78%
F Potion de chance Felix Felicis
72%
O Prénom de la directrice de Beauxbâtons Olympe
70%
R Frère de Sirius Black Regulus
67%
B Auteur des contes Beedle le Barde
61%
K Prénom de l'auror qui devient ministre de la Magie après la chute de Voldemort Kingsley
61%
M Dragon affrontant Harry Magyar à pointes
59%
N Femme qui s'est transformée en créature Nagini
57%
W Elfe des Croupton Winky
56%
Z Endroit ou Harry parle Fourchelangue Zoo
52%
T Prénom du père de Nymphadora Tonks Ted
48%
G Dans le jardin des Weasley Gnome
46%
Q Prénom de Quirrell Quirinus
44%
Y Une année avec le …. , livre de Lockhart Yéti
37%
A Philtre d'amour le plus puissant Amortentia
35%
V Dragon tiré au sort par Fleur Delacourt Vert Gallois
30%
P Patronus Fred et George Pie
17%
X Lire l'avenir dans des brindilles Xylomancie
11%
U Prénom du premier ministre de la magie Ulick
6%
Aucun quiz correspondant
Distribution des résultats
% des personnes avec chaque résultat
Percentile par nombre de réponses
Votre historique - résultats
Vous n’avez pas pris ce quiz